| 000 | 01408 a2200253 4500 | ||
|---|---|---|---|
| 003 | NUST | ||
| 005 | 20221025182929.0 | ||
| 010 | _a 97105640 | ||
| 020 | _a0201877287 (pbk) | ||
| 035 | _a(OCoLC)35637934 | ||
| 040 | _cNust | ||
| 082 | 0 | 0 | _a006.62,BUC |
| 100 | 1 |
_aBuchanan, William. _995606 |
|
| 245 | 1 | 0 |
_aApplied PC interfacing, graphics and interrupts / _cWilliam Buchanan. |
| 260 |
_aHarlow, Eng. ; _aReading, Mass. : _bAddison Wesley, _cc1996. |
||
| 300 |
_axv, 383 p. : _bill. ; _c24 cm. |
||
| 505 | _aIntroduction (Page-1), Computer Input/ Output Cards (Page-10), Interfacing I/O Using the PPI (Page-29), Programmable timer/counter (Page-63), Analogue to Digital Conversion (Page-79), Serial Communications (Page-115), Accessing Memory directory (Page-157) , PC Video Text Memory (Page-170), PC Graphics Using Turbo/Borland C (Page-174), Interrupts (Page-191), Software Interrupts (Page-197), Hardware Interrupts (Page-214), Mouse Interfacing (Page-232), Reading Keys from the Keyboard (Page-241), Modems (Page-248), Disk Input /Output (Page -256), Parallel Printer interface (Page-274), Processor and IC Interface (Page-278). | ||
| 650 | 0 |
_aComputer graphics. _91225 |
|
| 650 | 0 |
_aComputer input-output equipment. _994614 |
|
| 650 | 0 | _aComputer interfaces. | |
| 650 | 0 |
_aInterface circuits. _999543 |
|
| 650 | 0 |
_aInterrupts (Computer systems) _9101392 |
|
| 942 |
_2ddc _cBK _k006.62,BUC |
||
| 999 |
_c193388 _d193388 |
||